Statistics for Premier League 100 Club

Click here to take the quiz!

General Stats

  • This quiz has been taken 42 times
    (11 since last reset)
  • The average score is 21 of 33

Answer Stats

AnswerGClubsNationality% Correct
Harry Kane195Tottenham Hotspurs, Norwich CityEnglish
100%
Thierry Henry175ArsenalFrench
100%
Wayne Rooney208Everton, Manchester UnitedEnglish
100%
Alan Shearer260Blackburn Rovers, NewcastleEnglish
88%
Frank Lampard177West Ham, Chelsea, Manchester CityEnglish
88%
Michael Owen150Liverpool, Newcastle, Manchester United, Stoke CityEnglish
88%
Sergio Aguero184Manchester CityArgentine
88%
Andy Cole187Newcastle, Manchester United, Blackburn Rovers, Fulham, Manchester City, Portsmouth, SunderlandEnglish
75%
Robbie Fowler163Liverpool, Leeds United, Manchester City, Blackburn RoversEnglish
75%
Robin van Persie144Arsenal, Manchester UnitedDutch
75%
Romelu Lukaku116Chelsea, West Brom, Everton, Manchester UnitedBelgian
75%
Steven Gerrard120LiverpoolEnglish
75%
Didier Drogba104ChelseaIvorian
63%
Mohamed Salah126Chelsea, LiverpoolEgyptian
63%
Paul Scholes107Manchester UnitedEnglish
63%
Sadio Mané111Southampton, LiverpoolSenegalese
63%
Darren Bent106Ipswich Town, Charlton Athletic, Tottenham Hotspurs, Sunderland, Aston Villa, FulhamEnglish
50%
Dwight Yorke123Aston Villa, Manchester United, Blackburn Rovers, Birmingham City, SunderlandTrinidad and Tobago
50%
Jamie Vardy134Leicester CityEnglish
50%
Jermain Defoe162West Ham, Tottenham Hotspurs, Portsmouth, Sunderland, BournemouthEnglish
50%
Jimmy Floyd Hasselbaink127Leeds United, Chelsea, Middlesbrough, Charlton AthleticDutch
50%
Les Ferdinand149QPR, Newcastle, West Ham, Tottenham Hotspurs, Leicester City, Bolton WanderersEnglish
50%
Matt Le Tissier100SouthamptonEnglish
50%
Peter Crouch108Aston Villa, Southampton, Liverpool, Portsmouth, Tottenham Hotspurs, Stoke City, BurnleyEnglish
50%
Raheem Sterling112Liverpool, Manchester City, ChelseaEnglish
50%
Robbie Keane126Coventry City, Leeds United, Tottenham Hotspurs, Liverpool, West Ham, Aston VillaIrish
50%
Ryan Giggs109Manchester UnitedWelsh
50%
Teddy Sheringham146Nottingham Forest, Tottenham Hotspurs, Manchester United, Portsmouth, West HamEnglish
50%
Cristiano Ronaldo103Manchester United
38%
Emile Heskey110Leicester City, Liverpool, Birmingham City, Wigan Athletic, Aston VillaEnglish
38%
Ian Wright113Arsenal, West HamEnglish
38%
Nicolas Anelka125Arsenal, Liverpool, Manchester City, Bolton Wanderers, Chelsea, West BromFrench
38%
Dion Dublin111Manchester United, Coventry City, Aston VillaEnglish
25%

Score Distribution

Percentile by Number Answered

Percent of People with Each Score

Your Score History

You have not taken this quiz since the last reset